00599cam a2200193 a 450000100100000000500170001000800410002702000150006804000250008308200190010810000370012724500460016426000450021030000200025549000400027565000240031565000260033983000400036500000514820200929151607.0930715s1992 ck 000 p spa  a9586121127 aDO-SdBNPbspacBNPHU aC861.44bG215b1 aGarcés, Gustavo Adolfo,d1957-10aBreves días /cGustavo Adolfo Garcés. aBogotá, Colombia :bColcultura,c1992. a67 p. ;c21 cm.1 aPremios nacionales '92.aLiteratura 4aPoesía colombiana 4aLiteratura colombiana 0aPremios nacionales '92.gLiteratura